Tinh hoa văn học dân gian người Việt

में बचाया:
ग्रंथसूची विवरण
मुख्य लेखक: Nguyễn, Xuân Kính
स्वरूप: पुस्तक
भाषा:Undetermined
प्रकाशित: Hà Nội Khoa học - Xã hội 2009
विषय:
टैग : टैग जोड़ें
कोई टैग नहीं, इस रिकॉर्ड को टैग करने वाले पहले व्यक्ति बनें!
Thư viện lưu trữ: Trung tâm Học liệu Trường Đại học Cần Thơ
LEADER 00712nam a2200205Ia 4500
001 CTU_147819
008 210402s9999 xx 000 0 und d
020 |c 30000 
082 |a 398.99592 
082 |b K312/Q1 
100 |a Nguyễn, Xuân Kính 
245 0 |a Tinh hoa văn học dân gian người Việt 
245 0 |c Nguyễn Xuân Kính ( chủ biên ), Phan Lan Hương ; Cao Thị Hải ... [ et al. ] 
260 |a Hà Nội 
260 |b Khoa học - Xã hội 
260 |c 2009 
650 |a Folk literature, vietnamese,Văn học dân gian Việt Nam 
650 |x Proverbs,Tục ngữ 
904 |i Qhieu 
980 |a Trung tâm Học liệu Trường Đại học Cần Thơ